El año mil
Saved in:
| Hovedforfatter: | |
|---|---|
| Format: | Bog |
| Sprog: | spansk |
| Udgivet: |
Barcelona
Gedisa
1989
|
| Udgivelse: | 1a. ed |
| Serier: | Historia. Serie Cladema
|
| Fag: | |
| Tags: |
Tilføj Tag
Ingen Tags, Vær først til at tagge denne postø!
|
MARC
| LEADER | 00000nam a2200000 a 4500 | ||
|---|---|---|---|
| 001 | UCX2134 | ||
| 003 | CL-VaPUC | ||
| 005 | 20240627124712.0 | ||
| 008 | 910322e19890000SP |||||||||||||||||spa|d | ||
| 999 | |c 223218 |d 223216 | ||
| 020 | |a 8474323223 | ||
| 040 | |c Pontificia Universidad Católica de Valparaíso | ||
| 082 | 0 | 4 | |a 940.14 |b DUB |2 21 |
| 100 | 0 | |a Duby, Georges |e author |9 317953 | |
| 245 | 1 | 3 | |a El año mil |
| 250 | |a 1a. ed | ||
| 260 | |a Barcelona |b Gedisa |c 1989 | ||
| 300 | |a 160 p | ||
| 490 | 0 | |a Historia. Serie Cladema | |
| 583 | |a last modification |c 19910322 00:00:00 |k Rodrigo Vera | ||
| 650 | 7 | |a Edad media |2 CL-VaPUC |9 317954 |x Aspectos religiosos |y Siglo 1 | |
| 650 | 7 | |a Civilización medieval |z Europa |y 900-1000 |9 889784 | |
| 650 | 7 | |a Fin del mundo |9 889785 | |
| 651 | 0 | |a Europa |9 255156 |x Historia |y Hasta 1000 | |
| 942 | |c BK |2 ddc | ||
| 945 | |d 19910322 00:00:00 | ||
| 952 | |0 0 |1 0 |2 ddc |4 0 |6 940_140000000000000_DUB_1989 |7 1 |8 R |9 218795 |a BIBHIS |b BIBHIS |d 2019-11-15 |i 2876094 |o 940.14 DUB 1989 |p 2876094 |r 2024-01-30 |w 2019-11-15 |y BK_R |k HIS | ||
| 952 | |0 0 |1 0 |4 0 |6 940_140000000000000_DUB_1989 |7 0 |8 A |9 218796 |a BIBGIM |b BIBGIM |d 2019-11-15 |i 404567K |o 940.14 DUB 1989 |p 404567K |r 2025-01-15 |w 2019-11-15 |y BK |k SSL | ||